000 01060nam a22002777a 4500
001 BR7908145
003 BR-BrBNA
005 20230928090335.0
007 ta
008 230509b bl.||||| |||| 00| 0 por d
040 _aBR-BrBNA
_bpor
_cBiblioteca Nacional de Agricultura
041 _a(De)
072 _aK00; K20
_b/G514
090 _ K00 BR7908145
100 1 _aPellico Netto, S.
110 1 _aUniversitat Zu Freiburg im Breisgau (Germany). Forswissenschaftlichen Fakultat der Albert-Ludwigs
_0Dissertation (Doktorwurde)
_911311
245 1 _aDie forstinventuren in Brasilien Neue entwicklungen und ihr feir eine geregelte forsteeirtschaft [floresta, analise florestal, desbaste, desenvolvimento florestal, Brasil]
260 3 _aFreiburg (Germany):
_c1979.
300 _a232 p.
500 _aSummaries (En, Fr, Ger, Pt). (*) Documento disponível na(o) UFPR, Curitiba, PR (Brazil). Biblioteca Central
650 _aFLORESTA
650 _aDESBASTE
650 _aDESENVOLVIMENTO FLORESTAL
909 _a202309
_bLucia
_c55
_dLucia Elande
942 _cBK
999 _c28498
_d28498